[Event "Timbo op 3rd"]
[Site "Timbo"]
[Date "2023.11.05"]
[Round "6"]
[White "Correa, Leonardo Gabriel Du"]
[Black "Blaskosky, Vinicius"]
[Result "1-0"]
[WhiteElo "1186"]
[BlackElo "1363"]
[PlyCount "95"]
[EventDate "2023.11.03"]
[EventType "swiss"]
[EventRounds "6"]
[EventCountry "BRA"]
[SourceTitle "CBM 217 Extra"]
[Source "ChessBase"]
[SourceDate "2024.01.31"]
[SourceVersion "1"]
[SourceVersionDate "2024.01.31"]
[SourceQuality "1"]

1. e4 c5 2. c3 d5 3. exd5 Qxd5 4. d4 Nc6 5. Nf3 Bg4 6. Be2 Nf6 7. Be3 cxd4 8. cxd4 e6 9. Nc3 Qd7 10. 0-0 Be7 11. Qd2 0-0 12. Rfd1 Bb4 13. Qd3 Bf5 14. Qd2 Ne4 15. Qe1 Rac8 16. a3 Ba5 17. Rac1 Ne7 18. b4 Nxc3 19. Rxc3 Rxc3 20. Qxc3 Nd5 21. Qb2 Nxe3 22. fxe3 Bb6 23. Ne5 Qe7 24. a4 Rc8 25. Rc1 Rxc1+ 26. Qxc1 Qxb4 27. Qc8+ Qf8 28. Qxb7 h5 29. Bxh5 Qb4 30. Qxf7+ Kh8 31. Qe8+ Kh7 32. Bg6+ Bxg6 33. Qxg6+ Kg8 34. Qxe6+ Kh7 35. Nf3 Qb1+ 36. Kf2 Qb2+ 37. Kg3 Bc7+ 38. Kh3 Qb8 39. Ng5+ Kh8 40. Nf7+ Kh7 41. g3 a6 42. d5 a5 43. d6 Bd8 44. Nxd8 Qxd8 45. Qe7 Qc8+ 46. d7 Qc7 47. Qh4+ Kg6 48. d8Q 1-0

[Event "Timbo op 3rd"]
[Site "Timbo"]
[Date "2023.11.04"]
[Round "2"]
[White "Correa, Leonardo Gabriel Du"]
[Black "Bieging, Luca Jurgen"]
[Result "1-0"]
[WhiteElo "1186"]
[BlackElo "1436"]
[PlyCount "73"]
[EventDate "2023.11.03"]
[EventType "swiss"]
[EventRounds "6"]
[EventCountry "BRA"]
[SourceTitle "CBM 217 Extra"]
[Source "ChessBase"]
[SourceDate "2024.01.31"]
[SourceVersion "1"]
[SourceVersionDate "2024.01.31"]
[SourceQuality "1"]

1. e4 c5 2. c3 Nf6 3. e5 Nd5 4. d4 cxd4 5. cxd4 e6 6. Nc3 d6 7. Nxd5 exd5 8. Nf3 dxe5 9. Nxe5 Bd6 10. Bb5+ Bd7 11. Bxd7+ Nxd7 12. Nxd7 Qxd7 13. 0-0 0-0 14. Be3 Rac8 15. Rc1 Rxc1 16. Qxc1 Rc8 17. Qd2 b5 18. Rc1 Rxc1+ 19. Qxc1 Qc7 20. Qxc7 Bxc7 21. g3 a5 22. Kf1 Kf8 23. Ke2 Ke7 24. Kd2 f6 25. Kc3 g5 26. Kb3 Kd6 27. f4 gxf4 28. Bxf4+ Kc6 29. Bxc7 Kxc7 30. Kc3 Kd6 31. Kd3 Ke6 32. Ke3 Kf5 33. Kf3 h6 34. h3 Ke6 35. Kg4 Kf7 36. Kf5 h5 37. h4 1-0